Estadísticas para Banderas de Países con Águilas

Haz click aquí para tomar la prueba!

Estadísticas generales

  • Esta prueba ha sido tomada 7.740 veces
  • La puntuación promedio es 6 de 9

Estadísticas de respuestas

País% Correcto
Albania
95%
México
94%
Egipto
82%
Moldavia
67%
Serbia
62%
Montenegro
60%
Kazajistán
42%
Zambia
40%
Zimbabue
33%

Distribución de puntuación

Porcentaje por número respondido

Porcentaje de gente con cada puntuación

Historial de tus puntuaciones

No has tomado esta prueba